000 00467nam a2200145Ia 4500
008 100204s9999 xx 000 0 und d
082 _b3692
100 _aसाने रविकिरण
245 _aआसामचे आव्हान
260 _b"अंजली प्रकाशन, पुणे"
_c1981
300 _a156
630 _aआसामचे आव्हान
730 _aआसामचे आव्हान
942 _cBOOK
999 _c448598
_d448595